Southville International School and Colleges
Your cart is empty.
  • Cart
  • Lists
    Public lists Eva Luna New books Lux_list list_1
    Your lists Log in to create your own lists
  • Log in to your account
  • Your cookies
  • Search history
Southville International School and Colleges
  • Advanced search
  • Recent comments
  • Most popular
  • Libraries

Log in to your account

Log in with GOOGLE


If you do not have an external account, but do have a local account, you can still log in:

  1. Home
  2. MARC view: Science bulletin boards /
Normal view MARC view ISBD view

Science bulletin boards / (Record no. 104967)

[ view plain ]
MARC details
000 -LEADER
fixed length control field 00631nam a2200193 a 4500
005 - DATE AND TIME OF LATEST TRANSACTION
control field 20140412111333.0
008 - FIXED-LENGTH DATA ELEMENTS--GENERAL INFORMATION
fixed length control field 050418s19uu xx 00 eng d
020 ## - INTERNATIONAL STANDARD BOOK NUMBER
International Standard Book Number 0-86530-131-X
050 ## - LIBRARY OF CONGRESS CALL NUMBER
Classification number TR(GS 371.335 6 1986
100 ## - MAIN ENTRY--PERSONAL NAME
Personal name Forte, Imogene
245 ## - TITLE STATEMENT
Title Science bulletin boards /
Statement of responsibility, etc Imogene Forte & Mary Ann Pangle.
260 ## - PUBLICATION, DISTRIBUTION, ETC. (IMPRINT)
Place of publication, distribution, etc Nashville, Tennessee :
Name of publisher, distributor, etc Incentive Publication, Inc,
Date of publication, distribution, etc 1986.
300 ## - PHYSICAL DESCRIPTION
Extent 63 p. ; ill.
440 ## - SERIES STATEMENT/ADDED ENTRY--TITLE
Title Easy to make and use
500 ## - GENERAL NOTE
General note with activities to supplement your daily science program.
650 ## - SUBJECT ADDED ENTRY--TOPICAL TERM
Topical term or geographic name as entry element Science
General subdivision Juvenile literature
650 ## - SUBJECT ADDED ENTRY--TOPICAL TERM
Topical term or geographic name as entry element Science
General subdivision Activities
Holdings
Withdrawn status Lost status Damaged status Home library Current library Shelving location Date acquired Source of acquisition Cost, normal purchase price Total Checkouts Full call number Barcode Date last seen Price effective from Koha item type
      Elizalde Library Elizalde Library Teachers Reference Section 04/18/2005   290.00   TR(GS 371.335 6 1986 E9169 04/12/2014 04/12/2014 Books

Science bulletin boards /

APA

Forte I., . (1986). Science bulletin boards. Nashville, Tennessee: Incentive Publication, Inc.

Chicago

Forte Imogene, . 1986. Science bulletin boards. Nashville, Tennessee: Incentive Publication, Inc.

Harvard

Forte I., . (1986). Science bulletin boards. Nashville, Tennessee: Incentive Publication, Inc.

MLA

Forte Imogene, . Science bulletin boards. Nashville, Tennessee: Incentive Publication, Inc. 1986.

  • Place hold
  • Print
  • Cite
  • Add to your cart (remove)
  • Save record
    BIBTEX Dublin Core MARCXML MARC (non-Unicode/MARC-8) MARC (Unicode/UTF-8) MARC (Unicode/UTF-8, Standard) MODS (XML) RIS
  • More searches
    Search for this title in:
    Other Libraries (WorldCat) Other Databases (Google Scholar) Online Stores (Bookfinder.com) Open Library (openlibrary.org)

Exporting to Dublin Core...

SOUTHVILLE LIBRARY

Southville International School and Colleges Library

1281 Tropical Ave. Cor. Luxembourg St., BF Homes International, Las Pinas City

Tel. No. 8256374 / 252358 Loc. 117/146

Powered by Koha